000 00840nam a2200217Ia 4500
001 11481
003 GE_BSU
008 181216s||||||||xx |||||||||||||| ||und||
040 _cGE_BSU
080 _a633.72+663.95(479.22)
100 _aსარჯველაძე,მ.
245 _aშავი ბაიხაო ჩაის ხარისხის გაუმჯობესების საკითხები.
245 _cრედ:შ.სულაბერიძე.
260 _aთბილისი.
260 _bსაბჭოთა საქართველო.
260 _c1960.
300 _a154გვ;21სმ.
300 _eილ.
653 _aშავი ბაიხაო ჩაის ხარისხის გაუმჯობესების საკითხები.
942 _cBK
999 _c44677
_d44677